<?xml version="1.0" encoding="UTF-8"?><?xml-stylesheet type="text/xsl" href="static/style.xsl"?><OAI-PMH xmlns="http://www.openarchives.org/OAI/2.0/" xmlns:xsi="http://www.w3.org/2001/XMLSchema-instance" xsi:schemaLocation="http://www.openarchives.org/OAI/2.0/ http://www.openarchives.org/OAI/2.0/OAI-PMH.xsd"><responseDate>2026-06-06T03:55:13Z</responseDate><request verb="GetRecord" identifier="oai:riuma.uma.es:10630/33694" metadataPrefix="marc">https://riuma.uma.es/rest/oai/request</request><GetRecord><record><header><identifier>oai:riuma.uma.es:10630/33694</identifier><datestamp>2026-02-03T11:38:57Z</datestamp><setSpec>com_10630_2254</setSpec><setSpec>col_10630_37956</setSpec></header><metadata><record xmlns="http://www.loc.gov/MARC21/slim" xmlns:dcterms="http://purl.org/dc/terms/" xmlns:doc="http://www.lyncode.com/xoai" xmlns:xsi="http://www.w3.org/2001/XMLSchema-instance" xsi:schemaLocation="http://www.loc.gov/MARC21/slim http://www.loc.gov/standards/marcxml/schema/MARC21slim.xsd">
   <leader>00925njm 22002777a 4500</leader>
   <datafield ind2=" " ind1=" " tag="042">
      <subfield code="a">dc</subfield>
   </datafield>
   <datafield ind2=" " ind1=" " tag="720">
      <subfield code="a">Alonso-Briales, Mariana</subfield>
      <subfield code="e">author</subfield>
   </datafield>
   <datafield ind2=" " ind1=" " tag="720">
      <subfield code="a">Vega-Díaz, Cristina</subfield>
      <subfield code="e">author</subfield>
   </datafield>
   <datafield ind2=" " ind1=" " tag="720">
      <subfield code="a">Redondo-Castro, Cristina</subfield>
      <subfield code="e">author</subfield>
   </datafield>
   <datafield ind2=" " ind1=" " tag="260">
      <subfield code="c">2024</subfield>
   </datafield>
   <datafield ind2=" " ind1=" " tag="520">
      <subfield code="a">Son muchos los retos del siglo XXI que la universidad debe cuestionar: la globalización, la sociedad del conocimiento, las desigualdades, la digitalización e inteligencia artificial, el mestizaje de nuestras sociedades, el desafecto de la ciudadanía hacia los poderes del Estado e instituciones, la sostenibilidad de los sistemas económico, social y medioambiental, y los cuidados ante la fragilidad y la vulnerabilidad humana (Escámez y Peris, 2021). &#xd;
En este capítulo partimos del interrogante: "¿Para qué la formación inicial y permanente?”, donde se pone de relieve la importancia de una formación que va más allá del logro de conocimientos disciplinares y se centra fundamentalmente en la adquisición de competencias profesionales. En este caso nos centramos en la formación docente universitaria; concretamente, en el desarrollo de la competencia en educación inclusiva. Por tanto, este capítulo pretende contribuir a algunos de los desafíos que tiene por delante el profesorado universitario como es el de promover una investigación que sea realmente inclusiva para garantizar la justicia y la equidad social en el proceso de elección del foco de estudio, en las relaciones con los participantes y en el uso que hacemos de la información. Y cerramos el mismo con una experiencia de investigación-acción participativa (IAP) en el CEIP La Parra (Málaga), que está contribuyendo a la mejora y transformación de la realidad.</subfield>
   </datafield>
   <datafield ind1="8" ind2=" " tag="024">
      <subfield code="a">El papel de la universidad en la construcción de sistemas educativos inclusivos. Dificultades, propuestas y desafíos, Barcelona, Octaedro, 2024, 123-146</subfield>
   </datafield>
   <datafield ind1="8" ind2=" " tag="024">
      <subfield code="a">978-84-10054-62-2</subfield>
   </datafield>
   <datafield ind1="8" ind2=" " tag="024">
      <subfield code="a">https://hdl.handle.net/10630/33694</subfield>
   </datafield>
   <datafield tag="653" ind2=" " ind1=" ">
      <subfield code="a">Investigación activa en educación</subfield>
   </datafield>
   <datafield ind2="0" ind1="0" tag="245">
      <subfield code="a">La investigación-acción participativa como encrucijada: investigación, formación inicial y permanente, y transformación de la realidad</subfield>
   </datafield>
</record>
</metadata></record></GetRecord></OAI-PMH>